LIBRARY & INFORMATION CENTRE, KCAET, TAVANUR

ONLINE PUBLIC ACCESS CATALOGUE (OPAC)

New ways to Better Meetings / (Record no. 940)

MARC details
000 -LEADER
fixed length control field 00382cam a2200157ua 4500
041 ## - LANGUAGE CODE
Language code of text/sound track or separate title eng
082 ## - DEWEY DECIMAL CLASSIFICATION NUMBER
Classification number 658.456
Item number BER/NE
100 ## - MAIN ENTRY--AUTHOR NAME
Personal name Bert, .
245 ## - TITLE STATEMENT
Title New ways to Better Meetings /
260 ## - PUBLICATION, DISTRIBUTION, ETC. (IMPRINT)
Place of publication Newyork :
Name of publisher The Viklny press ,
Year of publication 1960.
300 ## - PHYSICAL DESCRIPTION
Number of Pages 177 ; .
700 1# - ADDED ENTRY--PERSONAL NAME
Personal name Strauss, Frances .
942 ## - ADDED ENTRY ELEMENTS (KOHA)
Koha item type Books
Holdings
Withdrawn status Lost status Damaged status Home library Current library Date acquired Full call number Accession Number Koha item type
      KAUAET KAUAET 07/04/2012 658.456 BER/NE 696 Books
free website counter